Οι τεύτονες και τα δευτερεύοντα θρησκευτικο-στρατιωτικά τάγματα του μεσαίωνα : πτυχιακή εργασία

Αποθηκεύτηκε σε:
Λεπτομέρειες βιβλιογραφικής εγγραφής
Κύριος συγγραφέας: Τζιούτζιας, Γρηγόριος
Άλλοι συγγραφείς: Σαββίδης, Αλέξης Γ. Κ., 1955- (Εισηγητής διατριβής), Στεφανίδου, Αλεξάνδρα, Συρόπουλος, Σπύρος Δ.
Μορφή: Thesis Βιβλίο
Γλώσσα:Greek
Δημοσίευση: Ρόδος : Πανεπιστήμιο Αιγαίου, Τμήμα Μεσογειακών Σπουδών, 2005.
Θέματα:
Ετικέτες: Προσθήκη ετικέτας
Δεν υπάρχουν, Καταχωρήστε ετικέτα πρώτοι!

MARC

LEADER 00000cam a2200000 i 4500
001 1/88041
008 051025s2005 gre d
035 |l 10080977 
040 |a GR-MY-UA  |b gre  |e aacr 
041 0 |a gre 
082 7 |a 297.409561   |2 (22) 
100 1 |a Τζιούτζιας, Γρηγόριος. 
245 1 3 |a Οι τεύτονες και τα δευτερεύοντα θρησκευτικο-στρατιωτικά τάγματα του μεσαίωνα :   |b πτυχιακή εργασία /   |c Τζιούτζια Γρηγόρη ; Σαββίδης Αλέξιος (εισηγητής) ; συνεισηγητές: Στεφανίδου Αλεξάνδρα, Συρόπουλος Σπυρίδων.  
260 |a Ρόδος :   |b Πανεπιστήμιο Αιγαίου, Τμήμα Μεσογειακών Σπουδών,   |c 2005.  
300 |a 89 σ. :   |b εγχρ. εικ. ;   |c 30 εκ. 
502 |a Πτυχιακή εργασία – Πανεπιστήμιο Αιγαίου, Ρόδος, 2005. 
504 |a Περιέχει βιβλιογραφικές παραπομπές.  
610 2 0 |a University of the Aegean  |x Dissertations. 
650 0 0 |a Dissertations, Academic. 
650 0 0 |a Monasticism and religious orders  |x History. 
650 0 0 |a Church history  |y Middle Ages, 600-1500. 
650 0 0 |a Sects, Medieval. 
700 1 |a Σαββίδης, Αλέξης Γ. Κ.,   |d 1955-  |4 ths 
700 1 |a Στεφανίδου, Αλεξάνδρα. 
700 1 |a Συρόπουλος, Σπύρος Δ. 
852 |a INST  |b RHODES  |c DIATR  |e 20051025  |h 297.409561 TZI  |p 005400022141  |q 005400022141  |t DIE  |y 23 
852 |a INST  |b RHODES  |c DIATR  |e 20051025  |h 297.409561 ΤΖΙ  |p 005400022140  |q 005400022140  |t DIE  |y 23 
901 |a BIBL4-2005-3 
909 |a Ρ  |b 122535 
909 |a Ρ  |b 122536 
924 |a ΤΖΙΟΥΤΖΙΑΣ  |b ΓΡΗΓΟΡΙΟΣ  |y Ρόδος  |z 2005-10 
970 |a ΣΙΔΕΡΗ  |b ΝΕΚΤΑΡΙΑ  |z 2005/10/25